000
00287nam a22001337a 4500
020
_a
978-93-325-1894-0
041
_a
ENG
100
_a
Jensen .J.R
245
_a
Remote Sensing Of The Environmnt
260
_a
Chennai
_b
Pearson
_c
2014
300
_a
613
650
_a
SWCE
856
_u
SWCE
999
_c
189
_d
189